| 000 | 01100nam a2200241Ia 4500 | ||
|---|---|---|---|
| 001 | 15639 | ||
| 003 | GE_BSU | ||
| 008 | 181216s||||||||xx |||||||||||||| ||und|| | ||
| 040 | _cGE_BSU | ||
| 080 | _a821.353.1 + 821.353.1-6 | ||
| 100 | _aწერეთელი, ა. | ||
| 245 | _aთხზულებათა სრული კრებული : 15 ტომად. ტ. 15 | ||
| 245 | _bპირადი წერილები, 1859-1914. რუს. ენ. დაწერილი თხზულებანი, 1864-1911. - | ||
| 245 | _cსარედ.კოლ. გიორგი აბზიანიძე. მხატვ.დ. და ვლ.ქუთათელაძეები | ||
| 260 | _aთბილისი | ||
| 260 | _bსაბჭოთა საქართველო | ||
| 260 | _c1963 | ||
| 300 | _a708გვ.1ფ.პორტრ.20სმ. | ||
| 520 | _aტექსტის ნაწ. რუს. ენ | ||
| 653 | _aდაწერილი თხზულებანი | ||
| 653 | _aპირადი წერილები | ||
| 942 | _cBK | ||
| 999 |
_c48739 _d48739 |
||